000
00318nam a2200121Ia 4500
008
190216s9999||||xx |||||||||||||| ||und||
100
_a
Misra S K & Puri V K
245
0
_a
Economics Of Development And Planning
260
_b
Himalaya Publishing House
_c
1999
300
_a
758p
650
_a
Economics
942
_c
BK
999
_c
10247
_d
10247